000 00940cam a22002651 4500
001 sa 68003361
003 DLC
005 20260227112452.0
008 710903s1955 ii a b 100 0 eng
010 _asa 68003361
040 _aDLC
_cDLC
_dDLC
043 _aa-ii---
050 0 0 _aTN103
_b.S9 1953
111 2 _aSymposium on Mineral Raw Materials and Their By-Products,
_cDelhi,
_d1953.
245 0 0 _aProceedings.
260 _aNew Delhi,
_bNational Institute of Sciences of India,
_c1955.
300 _a99 p.
_billus.
_c25 cm.
490 1 _aNational Institute of Sciences of India. Bulletin,
_vno. 5
500 _aCover title.
500 _aOrganized by the Council of the National Institute of Sciences of India.
504 _aIncludes bibliographies.
650 0 _aMineral industries
_zIndia.
710 2 _aNational Institute of Sciences of India.
830 0 _aBulletin of the National Institute of Sciences of India ;
_vno. 5.
999 _c79424
_d79424